O reforme štátnej správy

Verejná správa vo vzdialenejšej budúcnosti. Nekonečnosť reforiem verejnej správy. Chápanie reforiem verejnej správy. Morálne aspekty reformy verejnej správy. Správa a trh. Otvorený procesný prístup. Občan ako klient a tvorca verejných statkov. Systematický zber informácií. Vhodnosť organizačných štr...

Ausführliche Beschreibung

Gespeichert in:
Bibliographische Detailangaben
1. Verfasser: Kukliš, Peter
Format: Buchkapitel
Sprache:Slowakisch
Schlagworte:
Tags: Tag hinzufügen
Keine Tags, Fügen Sie das erste Tag hinzu!

MARC

LEADER 00000nla$a2200000$$$4500
001 0080564
005 20221024123051.8
041 0 |a slo 
044 |a SK 
245 1 0 |a O reforme štátnej správy  |c Peter Kukliš 
520 |a Verejná správa vo vzdialenejšej budúcnosti. Nekonečnosť reforiem verejnej správy. Chápanie reforiem verejnej správy. Morálne aspekty reformy verejnej správy. Správa a trh. Otvorený procesný prístup. Občan ako klient a tvorca verejných statkov. Systematický zber informácií. Vhodnosť organizačných štruktúr. Reštrukturalizácia verejných inštitúcií. 
610 2 0 |a reformy 
610 2 0 |a samospráva 
610 2 0 |a správa štátna 
610 2 0 |a správa verejná 
100 1 |a Kukliš, Peter